1M+ cities of the world by letter - Q - Statistics

General Stats
  • This quiz has been taken 944 times
    851 since last reset
  • The average score is 4 of 9
Answer Stats
Country Population City % Correct
Ecuador 2.92 mil Quito
99%
China 7.90 mil Qingdao
76%
Iran 1.48 mil Qom
67%
Pakistan 1.79 mil Quetta
53%
Mexico 1.81 mil Querétaro
44%
China 1.03 mil Qiqihar
19%
China 1.79 mil Qinhuangdao
11%
China 1.37 mil Qingyuan
9%
China 1.17 mil Qujing
3%
No matching quizzes found
Score Distribution
Percent of People with Each Score
Percentile by Number Answered
Your Score History
You have not taken this quiz since the last reset